Of revelation and revolution / (Record no. 199)

000 -LEADER
fixed length control field 01600cam a2200373 a 4500
001 - CONTROL NUMBER
control field 4363124
003 - CONTROL NUMBER IDENTIFIER
control field OSt
005 - DATE AND TIME OF LATEST TRANSACTION
control field 20140116120821.0
008 - FIXED-LENGTH DATA ELEMENTS--GENERAL INFORMATION
fixed length control field 900828m19919999iluab b 001 0 eng
010 ## - LIBRARY OF CONGRESS CONTROL NUMBER
LC control number 90046753
020 ## - INTERNATIONAL STANDARD BOOK NUMBER
International Standard Book Number 9780226114446
040 ## - CATALOGING SOURCE
Original cataloging agency DLC
Transcribing agency DLC
Modifying agency DLC
043 ## - GEOGRAPHIC AREA CODE
Geographic area code f-sa---
050 00 - LIBRARY OF CONGRESS CALL NUMBER
Classification number DT1058.T78C66 1997
100 1# - MAIN ENTRY--PERSONAL NAME
Personal name Comaroff, Jean.
245 10 - TITLE STATEMENT
Title Of revelation and revolution /
Statement of responsibility, etc Jean Comaroff and John Comaroff.
260 ## - PUBLICATION, DISTRIBUTION, ETC. (IMPRINT)
Place of publication, distribution, etc Chicago :
Name of publisher, distributor, etc University of Chicago Press,
Date of publication, distribution, etc 1997.
300 ## - PHYSICAL DESCRIPTION
Extent v. <1-2 > :
Other physical details ill., maps ;
Dimensions 24 cm.
504 ## - BIBLIOGRAPHY, ETC. NOTE
Bibliography, etc Includes bibliographical references and indexes.
505 1# - FORMATTED CONTENTS NOTE
Formatted contents note v. 1. Christianity, colonialism, and consciousness in South Afric -- v. 2. The dialectics of modernity on a South African frontier.
610 20 - SUBJECT ADDED ENTRY--CORPORATE NAME
Corporate name or jurisdiction name as entry element London Missionary Society
General subdivision Missions
Geographic subdivision South Africa.
610 20 - SUBJECT ADDED ENTRY--CORPORATE NAME
Corporate name or jurisdiction name as entry element Wesleyan Methodist Missionary Society
General subdivision Missions
Geographic subdivision South Africa.
650 #0 - SUBJECT ADDED ENTRY--TOPICAL TERM
Topical term or geographic name as entry element Tswana (African people)
General subdivision History.
650 #0 - SUBJECT ADDED ENTRY--TOPICAL TERM
Topical term or geographic name as entry element Tswana (African people)
General subdivision Missions.
650 #0 - SUBJECT ADDED ENTRY--TOPICAL TERM
Topical term or geographic name as entry element Tswana (African people)
General subdivision Social conditions.
651 #0 - SUBJECT ADDED ENTRY--GEOGRAPHIC NAME
Geographic name Great Britain
General subdivision Colonies
Geographic subdivision Africa.
651 #0 - SUBJECT ADDED ENTRY--GEOGRAPHIC NAME
Geographic name South Africa
General subdivision History.
700 1# - ADDED ENTRY--PERSONAL NAME
Personal name Comaroff, John L.,
Dates associated with a name 1945-
856 42 - ELECTRONIC LOCATION AND ACCESS
Materials specified Publisher description
Uniform Resource Identifier <a href="http://www.loc.gov/catdir/description/uchi051/90046753.html">http://www.loc.gov/catdir/description/uchi051/90046753.html</a>
856 41 - ELECTRONIC LOCATION AND ACCESS
Materials specified Table of contents
Uniform Resource Identifier <a href="http://www.loc.gov/catdir/toc/uchi051/90046753.html">http://www.loc.gov/catdir/toc/uchi051/90046753.html</a>
906 ## - LOCAL DATA ELEMENT F, LDF (RLIN)
a 7
b cbc
c orignew
d 1
e ocip
f 19
g y-gencatlg
942 ## - ADDED ENTRY ELEMENTS (KOHA)
Source of classification or shelving scheme
Koha item type Book
Holdings
Withdrawn status Lost status Source of classification or shelving scheme Damaged status Not for loan Home library Current library Date acquired Source of acquisition Total Checkouts Full call number Barcode Date last seen Copy number Price effective from Koha item type
          Riara University Library Riara University Library 12/10/2011 Purchase   DT1058.T78C66 1997 380/11 12/10/2011 C.1 12/10/2011 Book
          Riara University Library Riara University Library 12/10/2011 Purchase   DT1058.T78C66 1997 381/11 12/10/2011 C.2 12/10/2011 Book
          Riara University Library Riara University Library 12/10/2011 Purchase   DT1058.T78C66 1997 379/11 12/10/2011 C.3 12/10/2011 Book

Riara University Library,
P.O. Box 49940-00100,
Nairobi, Kenya.